Fiscal Reforms and National Competitiveness (the Case Study of Slovakia)

Príspevok je venovaný fiškálnym reformám na Slovensku. Vo vybraných oblastiach hospodárstva sa skúmali reformné opatrenia a ich vplyv na štátny rozpočet. O reformách sa vždy živo diskutuje. Na jednej strane sú zdôvodňované odbornými argumentmi, ale aj politickými predstavami a emóciami. Na druhej st...

Descrizione completa

Salvato in:
Dettagli Bibliografici
Autore principale: Janošková, Mária, 1965-
Altri autori: Csikósová, Adriana, Čulková, Katarína
Natura: Capitolo di libro
Lingua:inglese
Soggetti:
Tags: Aggiungi Tag
Nessun Tag, puoi essere il primo ad aggiungerne!!

MARC

LEADER 00000naa a2200000 4500
001 0307583
005 20250714075958.7
041 0 |a eng 
044 |a TH 
245 1 0 |a Fiscal Reforms and National Competitiveness (the Case Study of Slovakia)  |c Mária Janošková, Adriana Csikósová, Katarína Čulková 
520 |a Príspevok je venovaný fiškálnym reformám na Slovensku. Vo vybraných oblastiach hospodárstva sa skúmali reformné opatrenia a ich vplyv na štátny rozpočet. O reformách sa vždy živo diskutuje. Na jednej strane sú zdôvodňované odbornými argumentmi, ale aj politickými predstavami a emóciami. Na druhej strane musíme vidieť, že reformy sa dotýkajú všetkých občanov, najmä detí, študentov, pracujúcich, nezamestnaných a dôchodcov. Príspevok obsahuje stručný prehľad najdôležitejších reforiem v rokoch 2002-2006 ako aj predbežné dopady na ekonomiku, obyvateľstvo a verejné financie. Cieľom tohto príspevku je popísať fiškálne reformy na Slovensku, priblížiť princípy, ktoré stáli za zmenami a zhodnotiť ich vplyv na konkurencieschopnosť krajiny. Cieľom je ukázať, ako hospodárska politika a reformy zmenili socioekonomický model na Slovensku a aké výsledky priniesli. 
610 2 0 |a konkurencieschopnosť 
610 2 0 |a reformy daňové 
610 2 0 |a reformy dôchodkové 
610 2 0 |a zdravotníctvo 
610 2 0 |a dávky sociálne 
610 2 0 |a školstvo 
610 2 0 |a správa verejná 
610 2 0 |a financie verejné 
610 2 0 |a Slovensko 
100 1 |a Janošková, Mária, 1965- 
700 1 |a Csikósová, Adriana 
700 1 |a Čulková, Katarína